[Event "78 St. Petersburg ch"]
[Site "Saint-Petersburg RUS"]
[Date "2005.03.17"]
[Round "1.3"]
[White "Astashov, Gleb"]
[Black "Vitiugov, Nikita"]
[Result "0-1"]
[WhiteElo "2293"]
[BlackElo "2478"]
[PlyCount "60"]
[EventDate "2005.03.17"]
[EventType "tourn"]
[EventRounds "11"]
[EventCountry "RUS"]
[Source "lmi"]
[SourceDate "2005.03.28"]

1. c4 e6 2. Nf3 d5 3. d4 Nf6 4. Nbd2 c5 5. cxd5 exd5 6. g3 Nc6 7. dxc5 Bxc5 8.
Nb3 Ne4 9. Nxc5 Qa5+ 10. Nd2 Qxc5 11. Nxe4 dxe4 12. Bg2 O-O 13. O-O Bg4 14.
Bxe4 Rad8 15. Be3 Qh5 16. Qb3 Bxe2 17. Rfc1 Ne5 18. Bxa7 Rd3 19. Rc3 Qh3 20.
Qxb7 Ng4 21. Bxh7+ Qxh7 22. h4 Rxc3 23. bxc3 Qf5 24. Re1 Bf3 25. Qe7 Bd5 26.
Qe2 Ra8 27. c4 Bf3 28. Qe7 Nf6 29. Kh2 Bc6 30. Qc5 Ng4+ 0-1

[Event "78 St. Petersburg ch"]
[Site "Saint-Petersburg RUS"]
[Date "2005.03.17"]
[Round "1.4"]
[White "Ionov, Sergey"]
[Black "Yevseev, Denis"]
[Result "1-0"]
[WhiteElo "2527"]
[BlackElo "2550"]
[PlyCount "59"]
[EventDate "2005.03.17"]
[EventType "tourn"]
[EventRounds "11"]
[EventCountry "RUS"]
[Source "lmi"]
[SourceDate "2005.03.28"]

1. c4 e6 2. Nf3 d5 3. d4 Nf6 4. Bg5 h6 5. Bxf6 Qxf6 6. Nc3 c6 7. e3 Nd7 8. Bd3
dxc4 9. Bxc4 g6 10. O-O Qe7 11. Rb1 Bg7 12. b4 O-O 13. Qc2 Kh8 14. a4 e5 15. a5
f5 16. Qb3 e4 17. Nd2 Nf6 18. b5 Qc7 19. Be2 f4 20. bxc6 bxc6 21. Nc4 Be6 22.
Qb7 Qxb7 23. Rxb7 Nd5 24. Nxe4 fxe3 25. fxe3 Nxe3 26. Rxf8+ Rxf8 27. Ne5 Rd8
28. Nxg6+ Kh7 29. Nf4 Bc8 30. Nf6+ 1-0

[Event "78 St. Petersburg ch"]
[Site "Saint-Petersburg RUS"]
[Date "2005.03.17"]
[Round "1.6"]
[White "Gerasimov, Yuri"]
[Black "Ivanov, Sergey"]
[Result "0-1"]
[WhiteElo "2242"]
[BlackElo "2574"]
[PlyCount "36"]
[EventDate "2005.03.17"]
[EventType "tourn"]
[EventRounds "11"]
[EventCountry "RUS"]
[Source "lmi"]
[SourceDate "2005.03.28"]

1. c4 e5 2. Nc3 Nf6 3. g3 c6 4. d4 exd4 5. Qxd4 d5 6. cxd5 cxd5 7. Bg5 Nc6 8.
Qa4 d4 9. O-O-O Bd7 10. Bh3 Be7 11. Bxf6 Bxf6 12. Bxd7+ Qxd7 13. e3 O-O 14.
exd4 b5 15. Qb3 Nxd4 16. Qc2 b4 17. Nge2 bxc3 18. Nxd4 Bxd4 0-1

[Event "78 St. Petersburg ch"]
[Site "Saint-Petersburg RUS"]
[Date "2005.03.18"]
[Round "2.1"]
[White "Popov, Valerij"]
[Black "Ivanov, Sergey"]
[Result "1/2-1/2"]
[WhiteElo "2588"]
[BlackElo "2574"]
[PlyCount "35"]
[EventDate "2005.03.17"]
[EventType "tourn"]
[EventRounds "11"]
[EventCountry "RUS"]
[Source "lmi"]
[SourceDate "2005.03.28"]

1. d4 Nf6 2. c4 e6 3. Nc3 Bb4 4. Qc2 O-O 5. a3 Bxc3+ 6. Qxc3 Ne4 7. Qc2 f5 8.
Nf3 b6 9. b4 a5 10. b5 Bb7 11. e3 d6 12. Bb2 Nd7 13. Bd3 Qe7 14. O-O Ng5 15.
Nxg5 Qxg5 16. f4 Qg6 17. Rae1 Be4 18. Bxe4 1/2-1/2

[Event "78 St. Petersburg ch"]
[Site "Saint-Petersburg RUS"]
[Date "2005.03.18"]
[Round "2.2"]
[White "Yemelin, Vasily"]
[Black "Gerasimov, Yuri"]
[Result "1/2-1/2"]
[WhiteElo "2555"]
[BlackElo "2242"]
[PlyCount "79"]
[EventDate "2005.03.17"]
[EventType "tourn"]
[EventRounds "11"]
[EventCountry "RUS"]
[Source "lmi"]
[SourceDate "2005.03.28"]

1. e4 e5 2. Nf3 Nc6 3. Bb5 a6 4. Ba4 d6 5. Bxc6+ bxc6 6. d4 exd4 7. Nxd4 Bd7 8.
c4 Be7 9. O-O Bf6 10. c5 Ne7 11. Nc3 O-O 12. cxd6 cxd6 13. Bf4 d5 14. Bd6 dxe4
15. Nxe4 Bxd4 16. Qxd4 Nf5 17. Qc5 Re8 18. Nc3 Nxd6 19. Qxd6 Re6 20. Qd2 Qc7
21. Rad1 Re7 22. Rfe1 Be6 23. Qg5 Rae8 24. h3 h6 25. Qc5 Rd7 26. Rxd7 Qxd7 27.
Rd1 Qb7 28. b3 Qc7 29. Na4 Qb7 30. Nc3 Qc7 31. Na4 Qb7 32. Qb6 Qxb6 33. Nxb6 c5
34. Na4 c4 35. b4 Rb8 36. a3 a5 37. bxa5 Ra8 38. Nc5 Rxa5 39. Rd8+ Kh7 40. Nxe6
1/2-1/2

[Event "78 St. Petersburg ch"]
[Site "Saint-Petersburg RUS"]
[Date "2005.03.18"]
[Round "2.3"]
[White "Yevseev, Denis"]
[Black "Lugovoi, Aleksei"]
[Result "1/2-1/2"]
[WhiteElo "2550"]
[BlackElo "2552"]
[PlyCount "82"]
[EventDate "2005.03.17"]
[EventType "tourn"]
[EventRounds "11"]
[EventCountry "RUS"]
[Source "lmi"]
[SourceDate "2005.03.28"]

1. d4 d5 2. c4 e6 3. Nf3 c5 4. cxd5 exd5 5. g3 Nc6 6. Bg2 Nf6 7. O-O Be7 8. Nc3
O-O 9. Bg5 cxd4 10. Nxd4 h6 11. Bf4 Re8 12. Rc1 Bg4 13. h3 Bh5 14. Nb3 Bb4 15.
g4 Bxc3 16. bxc3 Bg6 17. c4 Be4 18. f3 Bg6 19. Nc5 Nb4 20. Qd2 Qb6 21. Be3 Rxe3
22. Qxe3 Rc8 23. cxd5 Bc2 24. a3 Nbxd5 25. Qd4 Rxc5 26. f4 Qc7 27. g5 Rc4 28.
Qe5 hxg5 29. Qxc7 Nxc7 30. fxg5 Nfd5 31. Rfd1 Bxd1 32. Rxc4 Bb3 33. Rc1 Ne6 34.
Rb1 Bc4 35. Rxb7 a6 36. Rb8+ Kh7 37. Rc8 Ndc7 38. Be4+ g6 39. Bd3 Bd5 40. h4
Kg7 41. Kf2 Bb7 1/2-1/2

[Event "78 St. Petersburg ch"]
[Site "Saint-Petersburg RUS"]
[Date "2005.03.18"]
[Round "2.4"]
[White "Vitiugov, Nikita"]
[Black "Ionov, Sergey"]
[Result "0-1"]
[WhiteElo "2478"]
[BlackElo "2527"]
[PlyCount "84"]
[EventDate "2005.03.17"]
[EventType "tourn"]
[EventRounds "11"]
[EventCountry "RUS"]
[Source "lmi"]
[SourceDate "2005.03.28"]

1. d4 Nf6 2. c4 e6 3. Nf3 b6 4. a3 Ba6 5. Qc2 Bb7 6. Nc3 c5 7. e4 cxd4 8. Nxd4
Bc5 9. Nb3 Nc6 10. Bf4 O-O 11. Nxc5 bxc5 12. Bd6 Nd4 13. Qd3 Re8 14. b4 e5 15.
Ra2 cxb4 16. axb4 Qb6 17. Bc5 Qc7 18. f3 a5 19. Bxd4 exd4 20. Nb5 Qf4 21. Qd2
Qh4+ 22. g3 Qh5 23. Be2 axb4 24. Nd6 Rxa2 25. Qxa2 Ra8 26. Qb2 d3 27. Bd1 Bc6
28. Nf5 Qh3 29. c5 Ba4 30. Bxa4 Rxa4 31. Kf2 h6 32. Ke3 d2 33. Qxd2 Ra3+ 34.
Kd4 Rxf3 35. Ra1 Qg4 36. Nd6 Nxe4 37. Nxe4 f5 38. Qa2+ Kh7 39. Qd5 Rf2 40. Kc4
fxe4 41. Kb5 Rf5 42. Qd4 b3 0-1

[Event "78 St. Petersburg ch"]
[Site "Saint-Petersburg RUS"]
[Date "2005.03.18"]
[Round "2.6"]
[White "Loginov, Valery A"]
[Black "Solovjov, Sergey"]
[Result "1-0"]
[WhiteElo "2507"]
[BlackElo "2456"]
[PlyCount "67"]
[EventDate "2005.03.17"]
[EventType "tourn"]
[EventRounds "11"]
[EventCountry "RUS"]
[Source "lmi"]
[SourceDate "2005.03.28"]

1. Nf3 Nf6 2. g3 g6 3. c4 Bg7 4. Bg2 O-O 5. d4 d6 6. O-O c6 7. Nc3 Qa5 8. e4 e5
9. d5 cxd5 10. cxd5 b5 11. Nd2 Bd7 12. a3 Qc7 13. Qe2 Qb7 14. b4 a5 15. bxa5
Rc8 16. Na2 Na6 17. Rb1 Qc7 18. Nb3 Nc5 19. Bd2 Nfxe4 20. Bxe4 Nxe4 21. Qxe4
Bf5 22. Qe1 Bxb1 23. Qxb1 Qd7 24. Nb4 Rc4 25. Qd3 h5 26. Rc1 Qg4 27. f3 Rxc1+
28. Nxc1 Qd7 29. Nc6 Re8 30. a6 h4 31. Ne2 hxg3 32. Nxg3 f5 33. Qxb5 e4 34. Qb7
1-0

[Event "78 St. Petersburg ch"]
[Site "Saint-Petersburg RUS"]
[Date "2005.03.19"]
[Round "3.1"]
[White "Solovjov, Sergey"]
[Black "Popov, Valerij"]
[Result "0-1"]
[WhiteElo "2456"]
[BlackElo "2588"]
[PlyCount "73"]
[EventDate "2005.03.17"]
[EventType "tourn"]
[EventRounds "11"]
[EventCountry "RUS"]
[Source "lmi"]
[SourceDate "2005.03.28"]

1. e4 c5 2. Nf3 d6 3. d4 cxd4 4. Nxd4 Nf6 5. Nc3 a6 6. Bg5 e6 7. f4 Qb6 8. Qd2
Qxb2 9. Rb1 Qa3 10. f5 Nc6 11. fxe6 fxe6 12. Nxc6 bxc6 13. e5 dxe5 14. Bxf6
gxf6 15. Ne4 Qxa2 16. Rd1 Be7 17. Be2 O-O 18. O-O Ra7 19. Qh6 Rd7 20. Nxf6+
Rxf6 21. Rxf6 Rxd1+ 22. Bxd1 Bxf6 23. Qxf6 Qd5 24. Bf3 e4 25. Bg4 h5 26. Bxh5
Qc5+ 27. Kf1 Qf5+ 28. Qxf5 exf5 29. Be8 c5 30. Ke2 Kf8 31. Ba4 f4 32. Bc6 Bg4+
33. Kd2 e3+ 34. Kc3 Ke7 35. h3 Be2 36. h4 a5 37. Ba4 0-1

[Event "78 St. Petersburg ch"]
[Site "Saint-Petersburg RUS"]
[Date "2005.03.19"]
[Round "3.2"]
[White "Astashov, Gleb"]
[Black "Loginov, Valery A"]
[Result "1/2-1/2"]
[WhiteElo "2293"]
[BlackElo "2507"]
[PlyCount "108"]
[EventDate "2005.03.17"]
[EventType "tourn"]
[EventRounds "11"]
[EventCountry "RUS"]
[Source "lmi"]
[SourceDate "2005.03.28"]

1. c4 g6 2. d4 Nf6 3. Nf3 Bg7 4. g3 c5 5. Bg2 Qa5+ 6. Bd2 Qb6 7. Nc3 cxd4 8.
Na4 Qd8 9. Nxd4 Nc6 10. Nxc6 bxc6 11. O-O O-O 12. c5 Rb8 13. b4 Nd5 14. Rb1 Ba6
15. Re1 Qc8 16. Bxd5 cxd5 17. Bc3 Qc6 18. Bxg7 Kxg7 19. Nc3 e6 20. Qd4+ f6 21.
e4 dxe4 22. Nxe4 Bb7 23. b5 Qd5 24. Qxd5 Bxd5 25. Nd6 f5 26. f4 Kf6 27. Rb4 a6
28. b6 Bc6 29. Re3 a5 30. Rd4 g5 31. fxg5+ Kxg5 32. h4+ Kf6 33. Rf4 Rg8 34. Kf2
h5 35. a3 Bd5 36. Rd3 Bc6 37. Re3 Bd5 38. Rd3 Bc6 39. Rc3 Bd5 40. Re3 Rg7 41.
Rd4 Rgg8 42. Nb5 Bc6 43. Nd6 e5 44. Rd2 f4 45. Rc3 Rg4 46. gxf4 exf4 47. Rd4
Rbg8 48. Rcc4 Rg2+ 49. Ke1 Rg1+ 50. Kd2 R8g2+ 51. Kc3 Rc1+ 52. Kb3 Rb1+ 53. Kc3
Rc1+ 54. Kb3 Rb1+ 1/2-1/2

[Event "78 St. Petersburg ch"]
[Site "Saint-Petersburg RUS"]
[Date "2005.03.19"]
[Round "3.3"]
[White "Ionov, Sergey"]
[Black "Klimov, Sergey"]
[Result "0-1"]
[WhiteElo "2574"]
[BlackElo "2555"]
[PlyCount "80"]
[EventDate "2005.03.17"]
[EventType "tourn"]
[EventRounds "11"]
[EventCountry "RUS"]
[Source "lmi"]
[SourceDate "2005.03.28"]

1. Nf3 Nf6 2. c4 g6 3. Nc3 d5 4. cxd5 Nxd5 5. Qa4+ Bd7 6. Qb3 Nb6 7. d4 Bg7 8.
Bg5 O-O 9. e3 a5 10. Be2 Be6 11. Qc2 Nc6 12. O-O a4 13. Rfd1 Bf5 14. Qc1 Nd5
15. h3 a3 16. Nxd5 Qxd5 17. bxa3 Qa5 18. d5 Bxa1 19. Qxa1 Nb8 20. Bxe7 Re8 21.
Bf6 Nd7 22. Bh8 f6 23. Bxf6 Nxf6 24. Qxf6 Qxa3 25. d6 Qxa2 26. Ng5 h6 27. Rd4
Qa1+ 28. Kh2 hxg5 29. Bc4+ Kh7 30. dxc7 Qa5 31. Qxg5 Qxc7+ 32. g3 Kg7 33. Rf4
Rf8 34. e4 Qxc4 35. exf5 Qc6 36. Rg4 Ra1 37. Qxg6+ Qxg6 38. Rxg6+ Kh7 39. g4
Ra6 40. Rg5 b5 0-1

[Event "78 St. Petersburg ch"]
[Site "Saint-Petersburg RUS"]
[Date "2005.03.19"]
[Round "3.6"]
[White "Ivanov, Sergey"]
[Black "Yemelin, Vasily"]
[Result "1/2-1/2"]
[WhiteElo "2574"]
[BlackElo "2555"]
[PlyCount "93"]
[EventDate "2005.03.17"]
[EventType "tourn"]
[EventRounds "11"]
[EventCountry "RUS"]
[Source "lmi"]
[SourceDate "2005.03.28"]

1. d4 Nf6 2. c4 e6 3. g3 Bb4+ 4. Bd2 Be7 5. Bg2 d5 6. Nf3 O-O 7. O-O c6 8. Bf4
b6 9. Nc3 Nbd7 10. Ne5 Bb7 11. e4 Nxe5 12. dxe5 Nxe4 13. Nxe4 dxe4 14. Qg4 Qc7
15. Bxe4 Rfd8 16. Rad1 c5 17. Bh6 g6 18. h4 Rab8 19. Bxb7 Qxb7 20. Bg5 h5 21.
Qf4 Bxg5 22. hxg5 b5 23. Rd6 bxc4 24. Rfd1 Rxd6 25. exd6 Qxb2 26. Qxc4 Qb4 27.
Qd3 h4 28. d7 Rd8 29. Kg2 Qg4 30. Qd6 Qxg5 31. Qc7 hxg3 32. fxg3 Qe7 33. Qxa7
e5 34. Qc7 e4 35. Rd5 Kg7 36. a4 e3 37. Qe5+ Qxe5 38. Rxe5 Rxd7 39. Kf3 Kf6 40.
Rxc5 Rd3 41. Ke2 Ra3 42. a5 g5 43. g4 Ra4 44. a6 Rxa6 45. Kxe3 Ra1 46. Kf3 Ra3+
47. Ke4 1/2-1/2

[Event "78 St. Petersburg ch"]
[Site "Saint-Petersburg RUS"]
[Date "2005.03.20"]
[Round "4.1"]
[White "Popov, Valerij"]
[Black "Yemelin, Vasily"]
[Result "1/2-1/2"]
[WhiteElo "2588"]
[BlackElo "2555"]
[PlyCount "104"]
[EventDate "2005.03.17"]
[EventType "tourn"]
[EventRounds "11"]
[EventCountry "RUS"]
[Source "lmi"]
[SourceDate "2005.03.28"]

1. d4 d5 2. c4 e6 3. Nc3 c5 4. cxd5 exd5 5. Nf3 Nc6 6. g3 Nf6 7. Bg2 Be7 8. O-O
O-O 9. Bg5 cxd4 10. Nxd4 h6 11. Bf4 Re8 12. Rc1 Bg4 13. h3 Bh5 14. Qa4 Rc8 15.
Nxc6 bxc6 16. g4 Bg6 17. Qxa7 Bb4 18. e3 h5 19. Qa4 Bf8 20. gxh5 Nxh5 21. Bh2
Bf5 22. e4 dxe4 23. Nxe4 Qb6 24. b3 c5 25. Ng3 Nxg3 26. Bxg3 Be7 27. Rfe1 Be6
28. Be5 Bg5 29. Rcd1 Red8 30. Qe4 c4 31. bxc4 Rxc4 32. Qf3 Bh4 33. a3 Rdc8 34.
Bg3 Rc3 35. Rd3 Rxd3 36. Qxd3 Bf6 37. Rb1 Qa5 38. Kh2 Rd8 39. Qe3 Qa4 40. Rb4
Qa5 41. Re4 Qd2 42. Rxe6 fxe6 43. Qxe6+ Kh8 44. a4 Qd7 45. Qe4 Qd4 46. a5 Qxe4
47. Bxe4 Rd2 48. a6 Ra2 49. Bb7 Bd4 50. Kg2 g5 51. Kf1 Ra1+ 52. Ke2 Ra2+
1/2-1/2

[Event "78 St. Petersburg ch"]
[Site "Saint-Petersburg RUS"]
[Date "2005.03.20"]
[Round "4.2"]
[White "Yevseev, Denis"]
[Black "Ivanov, Sergey"]
[Result "1/2-1/2"]
[WhiteElo "2550"]
[BlackElo "2574"]
[PlyCount "95"]
[EventDate "2005.03.17"]
[EventType "tourn"]
[EventRounds "11"]
[EventCountry "RUS"]
[Source "lmi"]
[SourceDate "2005.03.28"]

1. d4 Nf6 2. c4 e6 3. Nf3 b6 4. Nc3 Bb4 5. Bg5 Bb7 6. Nd2 h6 7. Bh4 Be7 8. e3
c5 9. Bd3 g5 10. Bg3 Bxg2 11. Rg1 Bb7 12. d5 d6 13. dxe6 fxe6 14. Nde4 Nc6 15.
Nxf6+ Bxf6 16. Qh5+ Ke7 17. O-O-O Ne5 18. Be4 Qd7 19. Qe2 Rad8 20. f4 Nf7 21.
Bxb7 Qxb7 22. Qc2 Bxc3 23. Qxc3 Qe4 24. Rgf1 e5 25. Rd5 Rhe8 26. b3 Kf8 27.
fxe5 dxe5 28. Rxd8 Rxd8 29. Qxe5 Qxe5 30. Bxe5 Re8 31. Bg3 Rxe3 32. Bb8 Re2 33.
a4 Ke7 34. Bxa7 Nd8 35. Bxb6 Ne6 36. Rd1 Rxh2 37. Kb1 g4 38. Rg1 h5 39. a5 Kd6
40. a6 Nc7 41. a7 Na8 42. Rf1 g3 43. Rf6+ Ke5 44. Rc6 Nxb6 45. Rxb6 Rh1+ 46.
Kb2 Rh2+ 47. Ka3 Rh1 48. Kb2 1/2-1/2

[Event "78 St. Petersburg ch"]
[Site "Saint-Petersburg RUS"]
[Date "2005.03.20"]
[Round "4.3"]
[White "Vitiugov, Nikita"]
[Black "Gerasimov, Yuri"]
[Result "1/2-1/2"]
[WhiteElo "2478"]
[BlackElo "2242"]
[PlyCount "70"]
[EventDate "2005.03.17"]
[EventType "tourn"]
[EventRounds "11"]
[EventCountry "RUS"]
[Source "lmi"]
[SourceDate "2005.03.28"]

1. d4 Nf6 2. c4 e6 3. Nf3 d5 4. Nc3 Be7 5. Bg5 h6 6. Bh4 Ne4 7. Bxe7 Qxe7 8.
cxd5 Nxc3 9. bxc3 exd5 10. Qb3 c6 11. e3 O-O 12. Bd3 Be6 13. O-O b6 14. Ne5 c5
15. c4 dxc4 16. Bxc4 Bxc4 17. Qxc4 Rc8 18. a4 Re8 19. Qb5 f6 20. Nc4 Nd7 21.
Rad1 cxd4 22. Rxd4 Nc5 23. Nd6 Red8 24. Rfd1 Qe6 25. Qb1 Rd7 26. Qg6 f5 27. Qg3
Rad8 28. h3 Nxa4 29. Rxa4 Rxd6 30. Rxd6 Qxd6 31. Qxd6 Rxd6 32. Rxa7 Rd2 33. Rb7
Rb2 34. g3 Kh7 35. Kg2 h5 1/2-1/2

[Event "78 St. Petersburg ch"]
[Site "Saint-Petersburg RUS"]
[Date "2005.03.20"]
[Round "4.4"]
[White "Klimov, Sergey"]
[Black "Lugovoi, Aleksei"]
[Result "0-1"]
[WhiteElo "2509"]
[BlackElo "2552"]
[PlyCount "72"]
[EventDate "2005.03.17"]
[EventType "tourn"]
[EventRounds "11"]
[EventCountry "RUS"]
[Source "lmi"]
[SourceDate "2005.03.28"]

1. e4 d6 2. d4 Nf6 3. Nc3 e5 4. dxe5 dxe5 5. Qxd8+ Kxd8 6. Bg5 Be6 7. O-O-O+
Nbd7 8. f4 exf4 9. Nf3 Kc8 10. Bxf4 Bc5 11. h3 Nh5 12. Bh2 Be3+ 13. Kb1 Bf4 14.
g4 Bxh2 15. Rxh2 Nf4 16. Rhd2 c6 17. Ng5 Ne5 18. Rf2 f6 19. Nf3 Nxf3 20. Rxf3
Ng6 21. Ne2 Kc7 22. Nd4 Rae8 23. Nf5 Rhg8 24. Rf2 Ne5 25. Be2 Rd8 26. Rff1
Rxd1+ 27. Rxd1 g6 28. Ne3 Rd8 29. Rxd8 Kxd8 30. a3 Ke7 31. Kc1 Nf7 32. Nd1 f5
33. exf5 gxf5 34. Ne3 fxg4 35. Nxg4 Ng5 36. Nf2 Nxh3 0-1

[Event "78 St. Petersburg ch"]
[Site "Saint-Petersburg RUS"]
[Date "2005.03.20"]
[Round "4.5"]
[White "Loginov, Valery A"]
[Black "Ionov, Sergey"]
[Result "1-0"]
[WhiteElo "2507"]
[BlackElo "2527"]
[PlyCount "53"]
[EventDate "2005.03.17"]
[EventType "tourn"]
[EventRounds "11"]
[EventCountry "RUS"]
[Source "lmi"]
[SourceDate "2005.03.28"]

1. Nf3 c5 2. c4 Nf6 3. Nc3 e6 4. g3 b6 5. Bg2 Bb7 6. O-O Be7 7. Re1 d5 8. cxd5
exd5 9. d4 O-O 10. Bf4 Na6 11. Rc1 Qc8 12. a3 Rd8 13. b4 c4 14. Ng5 Re8 15. e4
dxe4 16. d5 Bf8 17. Ncxe4 Nxe4 18. Bxe4 h6 19. Qh5 Qd7 20. Bh7+ Kh8 21. Bf5
Rxe1+ 22. Rxe1 g6 23. Bxd7 gxh5 24. Nxf7+ Kg7 25. Be6 Re8 26. Bxh6+ Kg6 27.
Bxf8 1-0

[Event "78 St. Petersburg ch"]
[Site "Saint-Petersburg RUS"]
[Date "2005.03.20"]
[Round "4.6"]
[White "Solovjov, Sergey"]
[Black "Astashov, Gleb"]
[Result "1-0"]
[WhiteElo "2456"]
[BlackElo "2293"]
[PlyCount "123"]
[EventDate "2005.03.17"]
[EventType "tourn"]
[EventRounds "11"]
[EventCountry "RUS"]
[Source "lmi"]
[SourceDate "2005.03.28"]

1. e4 c5 2. Nf3 Nc6 3. d4 cxd4 4. Nxd4 e5 5. Nb5 d6 6. N1c3 a6 7. Na3 b5 8. Nd5
Nf6 9. Bg5 Be7 10. Bxf6 Bxf6 11. c3 O-O 12. Nc2 Rb8 13. Bd3 Be6 14. Nce3 Bg5
15. O-O Bxe3 16. Nxe3 a5 17. a3 b4 18. cxb4 axb4 19. a4 Na5 20. Nd5 Bxd5 21.
exd5 Nb7 22. Qc2 g6 23. Rfc1 Nc5 24. Bc4 f5 25. b3 e4 26. a5 f4 27. a6 Ra8 28.
Qd2 Qf6 29. Qxb4 f3 30. Qc3 Qf5 31. Qe3 fxg2 32. b4 Nd7 33. b5 Ne5 34. Be2 g5
35. b6 Ng6 36. b7 Rab8 37. a7 Rxb7 38. a8=Q Rxa8 39. Rxa8+ Kg7 40. h3 Nf4 41.
Bg4 Qxd5 42. Qc3+ Qe5 43. Qc8 Qe7 44. Qg8+ Kh6 45. Qf8+ Qxf8 46. Rxf8 Kg7 47.
Rfc8 Kf6 48. R8c7 Rb2 49. Rxh7 d5 50. Rhc7 Ra2 51. R7c2 Ra3 52. Rc3 Ra2 53. Re3
Ke5 54. Rce1 Kd4 55. Rb3 Nd3 56. Rd1 Kc4 57. Rb8 Kc5 58. Rc8+ Kd6 59. Rd8+ Ke5
60. Rf8 Kd4 61. Kxg2 e3 62. Kf1 1-0

[Event "78 St. Petersburg ch"]
[Site "Saint-Petersburg RUS"]
[Date "2005.03.21"]
[Round "5.1"]
[White "Astashov, Gleb"]
[Black "Popov, Valerij"]
[Result "0-1"]
[WhiteElo "2293"]
[BlackElo "2588"]
[PlyCount "80"]
[EventDate "2005.03.17"]
[EventType "tourn"]
[EventRounds "11"]
[EventCountry "RUS"]
[Source "lmi"]
[SourceDate "2005.03.28"]

1. c4 e5 2. Nc3 Nf6 3. Nf3 Nc6 4. e4 h6 5. g3 Bc5 6. Bg2 d6 7. d3 Nh7 8. Be3
Ng5 9. h4 Ne6 10. Bh3 Ned4 11. Bxc8 Qxc8 12. Nd5 Nxf3+ 13. Qxf3 Nd4 14. Bxd4
Bxd4 15. Qe2 h5 16. f4 Qd7 17. f5 O-O-O 18. O-O-O Kb8 19. Kb1 a6 20. Nb4 Rdg8
21. Nc2 Bc5 22. d4 exd4 23. Nxd4 Re8 24. Qf3 Qa4 25. b3 Qd7 26. Ne2 g6 27. fxg6
fxg6 28. Nf4 Qg7 29. Rd5 Ba3 30. Rh2 Re7 31. Re2 Rhe8 32. Rdd2 a5 33. Qd3 g5
34. hxg5 Qxg5 35. Qf3 h4 36. gxh4 Qg1+ 37. Kc2 Qc1+ 38. Kd3 Bb4 39. Nd5 Rxe4
40. Nxb4 Rxe2 0-1

[Event "78 St. Petersburg ch"]
[Site "Saint-Petersburg RUS"]
[Date "2005.03.21"]
[Round "5.2"]
[White "Ivanov, Sergey"]
[Black "Vitiugov, Nikita"]
[Result "0-1"]
[WhiteElo "2574"]
[BlackElo "2555"]
[PlyCount "88"]
[EventDate "2005.03.17"]
[EventType "tourn"]
[EventRounds "11"]
[EventCountry "RUS"]
[Source "lmi"]
[SourceDate "2005.03.28"]

1. d4 d5 2. c4 e6 3. Nf3 Nf6 4. Nc3 c6 5. Bg5 h6 6. Bh4 dxc4 7. e4 g5 8. Bg3 b5
9. Be2 Bb7 10. h4 g4 11. Ne5 h5 12. f3 Nbd7 13. fxg4 Nxe5 14. Bxe5 hxg4 15.
Bxg4 Rh6 16. Qf3 Nd7 17. Bh5 Rh7 18. O-O-O Qa5 19. Kb1 b4 20. Ne2 Nxe5 21. dxe5
Qxe5 22. Nf4 Bd6 23. Nxe6 Qxe6 24. e5 Rxh5 25. Qxh5 Bf8 26. Rhf1 Qg6+ 27. Qxg6
fxg6 28. g4 Bc8 29. Rd4 Be6 30. Rf6 Bd5 31. Rxg6 Bc5 32. Rxd5 cxd5 33. Rg8+ Bf8
34. e6 Rc8 35. h5 Rc7 36. h6 Rh7 37. g5 Ke7 38. Rg6 Kd6 39. b3 c3 40. Kc2 Be7
41. Kd3 Rh8 42. Kc2 Rf8 43. h7 Rf2+ 44. Kd3 Rh2 0-1

[Event "78 St. Petersburg ch"]
[Site "Saint-Petersburg RUS"]
[Date "2005.03.21"]
[Round "5.4"]
[White "Gerasimov, Yuri"]
[Black "Klimov, Sergey"]
[Result "0-1"]
[WhiteElo "2242"]
[BlackElo "2509"]
[PlyCount "112"]
[EventDate "2005.03.17"]
[EventType "tourn"]
[EventRounds "11"]
[EventCountry "RUS"]
[Source "lmi"]
[SourceDate "2005.03.28"]

1. d4 Nf6 2. c4 g6 3. Nc3 Bg7 4. e4 O-O 5. Be3 d6 6. f3 c5 7. dxc5 dxc5 8. Qxd8
Rxd8 9. Bxc5 Nc6 10. Nd5 Nd7 11. Nxe7+ Nxe7 12. Bxe7 Bxb2 13. Bxd8 Bc3+ 14. Kd1
Bxa1 15. Nh3 Nc5 16. Be7 Ne6 17. Bd3 b6 18. Kd2 Be5 19. g3 Nd4 20. Ng1 Bb7 21.
Bb4 Rc8 22. Bc3 Nc6 23. Ne2 Bxc3+ 24. Nxc3 Ne5 25. Ke2 Nxc4 26. Nb5 Ne5 27. a4
f5 28. Nd6 fxe4 29. Bxe4 Bxe4 30. fxe4 Rc3 31. Rd1 Kf8 32. Nb5 Rc4 33. Rd4 Rxd4
34. Nxd4 a6 35. Ne6+ Ke7 36. Nc7 a5 37. Nd5+ Kd6 38. Nxb6 Kc5 39. Nd5 Kd4 40.
Nf6 h5 41. h3 Nc4 42. g4 h4 43. Kf3 g5 44. Nh7 Nd2+ 45. Ke2 Nxe4 46. Kf3 Kd3
47. Kg2 Ke2 48. Kh2 Kf2 49. Nf8 Nc5 50. Nh7 Nxa4 51. Nxg5 Nc5 52. Nf7 a4 53. g5
a3 54. g6 Ne6 55. Ne5 a2 56. Nd3+ Kf1 0-1

[Event "78 St. Petersburg ch"]
[Site "Saint-Petersburg RUS"]
[Date "2005.03.21"]
[Round "5.5"]
[White "Ionov, Sergey"]
[Black "Solovjov, Sergey"]
[Result "0-1"]
[WhiteElo "2527"]
[BlackElo "2456"]
[PlyCount "64"]
[EventDate "2005.03.17"]
[EventType "tourn"]
[EventRounds "11"]
[EventCountry "RUS"]
[Source "lmi"]
[SourceDate "2005.03.28"]

1. d4 d5 2. c4 c6 3. Nf3 Nf6 4. Nc3 e6 5. Bg5 dxc4 6. e4 b5 7. e5 h6 8. Bh4 g5
9. Nxg5 hxg5 10. Bxg5 Nbd7 11. exf6 Bb7 12. g3 c5 13. d5 Qc7 14. Bg2 b4 15. d6
Qb6 16. Ne4 Bd5 17. O-O O-O-O 18. Qe2 Bxd6 19. a3 b3 20. Nc3 Bxg2 21. Kxg2 Qc6+
22. f3 Ne5 23. Rad1 Nd3 24. h4 Qc7 25. Ne4 Be5 26. Rd2 Rhg8 27. f4 Bxb2 28.
Rxb2 Nxb2 29. Qxb2 Qc6 30. Re1 Rd4 31. Kf3 Rgd8 32. Qb1 c3 0-1

[Event "78 St. Petersburg ch"]
[Site "Saint-Petersburg RUS"]
[Date "2005.03.22"]
[Round "6.2"]
[White "Vitiugov, Nikita"]
[Black "Yemelin, Vasily"]
[Result "1/2-1/2"]
[WhiteElo "2478"]
[BlackElo "2555"]
[PlyCount "54"]
[EventDate "2005.03.17"]
[EventType "tourn"]
[EventRounds "11"]
[EventCountry "RUS"]
[Source "lmi"]
[SourceDate "2005.03.28"]

1. d4 Nf6 2. c4 e6 3. Nf3 b6 4. a3 c5 5. d5 Ba6 6. Qc2 exd5 7. cxd5 g6 8. Nc3
Bg7 9. g3 O-O 10. Bg2 d6 11. O-O Nbd7 12. Bf4 Qe7 13. Rfe1 b5 14. h3 Nh5 15.
Bg5 f6 16. Bd2 f5 17. Qc1 c4 18. e4 f4 19. g4 Nhf6 20. Bxf4 Nc5 21. e5 Nd3 22.
Qd2 Nxf4 23. Qxf4 Nd7 24. Qg3 Nxe5 25. Nd4 Qf7 26. Ne6 Nd3 27. Re2 Be5 1/2-1/2

[Event "78 St. Petersburg ch"]
[Site "Saint-Petersburg RUS"]
[Date "2005.03.22"]
[Round "6.3"]
[White "Klimov, Sergey"]
[Black "Ivanov, Sergey"]
[Result "1-0"]
[WhiteElo "2509"]
[BlackElo "2574"]
[PlyCount "97"]
[EventDate "2005.03.17"]
[EventType "tourn"]
[EventRounds "11"]
[EventCountry "RUS"]
[Source "lmi"]
[SourceDate "2005.03.28"]

1. e4 e6 2. d4 d5 3. Nc3 Bb4 4. e5 c5 5. a3 Bxc3+ 6. bxc3 Ne7 7. Qg4 cxd4 8.
Qxg7 Rg8 9. Qxh7 Qc7 10. Ne2 Nbc6 11. f4 dxc3 12. Qd3 Bd7 13. Nxc3 a6 14. Rb1
Na5 15. h4 Nf5 16. Rh3 O-O-O 17. Bd2 Nc4 18. Ne2 Bb5 19. a4 Bxa4 20. Nd4 Nxd4
21. Qxd4 Bxc2 22. Rc1 Ba4 23. h5 Bc6 24. h6 Rg6 25. h7 Rh8 26. Bc3 Rg7 27. Qd3
Qe7 28. Bd4 Qb4+ 29. Kf2 Nd2 30. Kg1 Nxf1 31. Kxf1 Kd7 32. Kg1 Bb5 33. Qe3
Rhxh7 34. Rxh7 Rxh7 35. Bc3 Qe7 36. Bb4 Qd8 37. Qc5 Bc6 38. f5 Qc7 39. Qe7+ Kc8
40. Qf8+ Qd8 41. Qc5 d4 42. Qa7 Qd5 43. Qa8+ Kc7 44. Qg8 d3 45. Bd6+ Kd7 46.
fxe6+ Qxe6 47. Qxh7 d2 48. Rf1 Bd5 49. Qc2 1-0